000 00406nam a2200145Ia 4500
008 230917s9999||||xx |||||||||||||| ||und||
040 _e58801
_aMAIN
041 _aEnglish
082 _a823.09 M895T
100 _aMukherjee, Meenakshi
245 4 _aThe twice born fiction: themes and techniques of the Indian novel in english
260 _aNew Delhi
_bHeinemann
_c1971
300 _a239 p.
942 _cBK
999 _c191904
_d191904